| 000 | 00421nam a2200133Ia 4500 | ||
|---|---|---|---|
| 008 | 250506s9999 xx 000 0 und d | ||
| 024 | _a14B-03-EL, 14B-18-EL & 14B-38-EL | ||
| 082 | _a628.161072 IRF | ||
| 100 | _aIrfan Jamil, S. M. Hamza & S. Hamza Faiz | ||
| 245 | 0 | _aWater Quality Testing Minilab | |
| 260 |
_aKarachi: _bUIT, _c2014 |
||
| 600 | _aComputer System Engineering | ||
| 650 | _aBachelor of Engineering (BE) | ||
| 999 |
_c28394 _d28394 |
||